Top 5 UK Cities & Towns by each letter, by population Quiz Stats

 Plays Quiz not verified by Sporcle

Challenge
Share
Tweet
Embed
Score 0/96 Timer 10:00
0 Plays Today
Letter City % Correct
BBirmingham
96.1%
LLondon
93.1%
MManchester
92.4%
AAberdeen
90.9%
CCardiff
90.5%
LLiverpool
90.4%
EEdinburgh
90.3%
GGlasgow
89.3%
BBristol
88.9%
LLeeds
87.4%
PPortsmouth
85.1%
NNewcastle upon Tyme
83.7%
OOxford
82.3%
PPlymouth
82%
SSheffield
82%
IIpswich
81.8%
NNottingham
81.8%
YYork
81.5%
HHull
81.1%
LLeicester
80.8%
DDerby
80.5%
CCoventry
80.1%
SSouthampton
79.4%
BBradford
79.2%
NNorwich
78.9%
BBelfast
78.5%
WWolverhampton
78.5%
BBrighton and Hove
75.5%
SSwansea
74.9%
EExeter
74.3%
CCambridge
73.9%
RReading
71.5%
Letter City % Correct
DDundee
69.9%
SSunderland
69.5%
SStoke-on-Trent
68.2%
HHuddersfield
62.4%
NNorthampton
60.8%
MMiddlesbrough
60.4%
YYeovil
57.4%
CColchester
57.3%
IInverness
56.9%
PPeterborough
56.6%
LLuton
56.3%
GGloucester
55.2%
PPreston
54.3%
RRotherham
49.7%
MMilton Keynes
49.5%
OOldham
49.1%
NNewport
48.1%
WWalsall
45.8%
JJarrow
45.3%
DDerry
43.2%
DDudley
42.2%
GGrimsby
41.5%
WWatford
41.5%
TTelford
40.6%
TTorquay
40%
DDarlington
39.7%
WWest Bromwich
38.4%
EEastbourne
37%
PPoole
36.9%
KKidderminster
36.7%
FFalkirk
35.9%
GGillingham
35.8%
Letter City % Correct
KKettering
35.6%
RRochdale
35.5%
TTaunton
35%
HHartlepool
33.8%
FFarnborough
32.3%
AAldershot
31.2%
MMansfield
30.7%
CCrawley
30.7%
TTamworth
30.1%
AAylesbury
29.5%
AAyr
29.5%
KKilmarnock
28.4%
WWoking
27.6%
GGateshead
27.4%
MMaidstone
27.4%
HHastings
25.6%
JJohnstone
22.9%
FFolkestone
22.6%
AAshford
20%
FFareham
20%
FFleet
19.3%
EEast Kilbride
19%
RRugby
18.1%
HHarlow
16.5%
KKeighley
15.9%
RRedditch
15%
TTonbridge
14.8%
OOmagh
11.8%
OOrmskirk
11.3%
EEllesmere Port
11.3%
IIrvine
9.9%
KKingswood
7.4%

You're not logged in!

Compare scores with friends on all Sporcle quizzes.
OR
Log In

You Might Also Like...

Show Comments

Extras

Top Quizzes Today


Score Distribution

Your Account Isn't Verified!

In order to create a playlist on Sporcle, you need to verify the email address you used during registration. Go to your Sporcle Settings to finish the process.

Report this User

Report this user for behavior that violates our Community Guidelines.

Details: